ბათუმის შოთა რუსთაველის სახელმწიფო უნივერსიტეტის ბიბლიოთეკა

საქართველოს სისხლის სამართლის კოდექსის განმარტება : (ბიბ.ჩანაწერი № 34662)

000 -ლიდერი
ფიქსირებული სიგრძის საკონტროლო ველი 01192nam a2200217Ia 4500
001 - საკონტროლო ნომერი
საკონტროლო ველი 440
003 - საკონტროლო ნომრის იდენტიფიკატორი
საკონტროლო ველი GE_BSU
005 - ბოლო ოპერაციის თარიღი და დრო
საკონტროლო ველი 20221226104307.0
008 - ფიქსირებული სიგრძის მონაცემთა ელემენტები - ზოგადი ინფორმაცია
ფიქსირებული სიგრძის საკონტროლო ველი 181216s2005||||ge |||||||||||||| ||geo||
040 ## - კატალოგიზაციის წყარო
Transcribing agency GE_BSU
041 ## - ენის კოდი
Language code of text/sound track or separate title geo
080 ## - უნივერსალური ათობითი კლასიფიკაციის ინდექსი
Universal Decimal Classification number 343(094.4) გ–19
100 ## - მთავარი ჩანაწერი - პიროვნების სახელი
Personal name გამყრელიძე, ოთარ
9 (RLIN) 2834
245 ## - ცნობა სათაურის შესახებ
Title საქართველოს სისხლის სამართლის კოდექსის განმარტება :
Remainder of title წ. 1. (2004 წლის 1 ნოემბრის მდგომარეობით) : ზოგადი ნაწილი /
Statement of responsibility, etc ო. გამყრელიძე ; [რედ.: კონსტანტინე კემულარია] ; საქ. მეცნ. აკად. სახ. და სამართლის ინ-ტი.
264 ## - წარმოების, გამოცემის, დისტრიბუციის და სხვა ცნობები
გამოცემის, წარმოების, დისტრიბუციის... ადგილი თბილისი,
გამოცემის, წარმოების, დისტრიბუციის... თარიღი 2005.
300 ## - ფიზიკური აღწერა
Extent 260 გვ.;
Other physical details 20 სმ.
653 ## - INDEX TERM--UNCONTROLLED
Uncontrolled term სისხლის სამართლის კოდექსი
653 ## - INDEX TERM--UNCONTROLLED
Uncontrolled term განმარტება
700 ## - ADDED ENTRY--PERSONAL NAME
Personal name კემულარია, კონსტანტინე
Relator term რედაქტორი
9 (RLIN) 16572
942 ## - ADDED ENTRY ELEMENTS (KOHA)
Koha item type წიგნი
Source of classification or shelving scheme
ეგზემპლარები
ჩამოწერის სტატუსი დაკარგული ეგზემპლარის სტატუსი კლასიფიკაციის წყარო ან თაროზე გაწყობის სქემა დაზიანების სტატუსი არ გაიცემა მუდმივი მდებარეობა (დაცვის ადგილი) ამჟამინდელი ადგილსამყოფელი თაროზე განთავსების ადგილი შეძენის თარიღი ღირებულება, შესყიდვის ნორმალური ფასი სრული შენახვის შიფრი შტრიხკოდი ბოლო ოპერაციის თარიღი ეგზემპლარის მიმდევრობითი ნომერი (კეტერი?) ფასის ძალაში შესვლის თარიღი ეგზემპლარის სახეობა საჯარო შენიშვნა
          ბათუმის შოთა რუსთაველის სახელმწიფო უნივერსიტეტის მთავარი ბიბლიოთეკა ბათუმის შოთა რუსთაველის სახელმწიფო უნივერსიტეტის მთავარი ბიბლიოთეკა წიგნსაცავი 2018-12-17 7.00 343(094.4) გ–19 1792 2018-12-17 1792 2018-12-17 წიგნი 7 ლ.
          ბათუმის შოთა რუსთაველის სახელმწიფო უნივერსიტეტის მთავარი ბიბლიოთეკა ბათუმის შოთა რუსთაველის სახელმწიფო უნივერსიტეტის მთავარი ბიბლიოთეკა წიგნსაცავი 2022-12-26 10.95 343(094.4) გ–19 00562 2022-12-26 00562 2022-12-26 ქსეროასლი 10 ლ. 95 თ.
          ბათუმის შოთა რუსთაველის სახელმწიფო უნივერსიტეტის მთავარი ბიბლიოთეკა ბათუმის შოთა რუსთაველის სახელმწიფო უნივერსიტეტის მთავარი ბიბლიოთეკა წიგნსაცავი 2022-12-26 10.95 343(094.4) გ–19 00563 2022-12-26 00563 2022-12-26 ქსეროასლი 10 ლ. 95 თ.
          ბათუმის შოთა რუსთაველის სახელმწიფო უნივერსიტეტის მთავარი ბიბლიოთეკა ბათუმის შოთა რუსთაველის სახელმწიფო უნივერსიტეტის მთავარი ბიბლიოთეკა წიგნსაცავი 2022-12-26 8.45 343(094.4) გ–19 00446 2022-12-26 00446 2022-12-26 ქსეროასლი 8 ლ. 45 თ.